Guess the Taylor Swift song with no hints #16 - Statistics

General Stats
  • This quiz has been taken 23,771 times
  • The average score is 168 of 292
Answer Stats
ANSWER % Correct
I
99%
A
96%
a
96%
you
94%
the
91%
an
85%
me
85%
we
84%
We
84%
he
83%
He
83%
When
81%
to
80%
And
78%
and
78%
where
77%
Where
77%
On
76%
on
76%
in
75%
it
75%
know
74%
my
73%
Go
71%
go
71%
No
69%
Like
66%
like
66%
so
65%
So
65%
that
64%
can
61%
what's
61%
think
59%
want
59%
am
56%
I'm
56%
see
56%
there
54%
it's
53%
It's
53%
knows
53%
at
52%
his
52%
him
51%
all
50%
mine
50%
oh
49%
one
48%
ones
48%
up
48%
got
46%
Got
46%
with
46%
can't
45%
look
45%
boy
44%
Boy
44%
never
44%
night
44%
down
43%
man
43%
I'll
40%
'Cause
39%
every
39%
under
39%
tell
38%
get
34%
hand
34%
heartbeat
34%
understand
34%
Avenue
33%
He's
33%
Make
33%
make
33%
Skipping
33%
wanna
33%
Wanna
33%
good
32%
16th
31%
body
31%
boyish
31%
mean
31%
stay
31%
drawing
30%
plans
30%
architect
29%
around
29%
attitude
28%
home
28%
Or
28%
stop
28%
won't
28%
eyes
27%
nobody
27%
sidewalk
27%
understands
27%
ain't
26%
gonna
26%
Lead
26%
seventeen
26%
soul
26%
better
25%
footprints
25%
gotta
25%
wait
25%
hands
24%
alone
23%
cold
23%
he'll
23%
obsessed
23%
bless
22%
drive
22%
myself
22%
smile
22%
dark
21%
lock
21%
glass
20%
stick
19%
thigh
19%
whisper
19%
follow
17%
sparks
17%
indigo
16%
Lyrical
15%
No matching quizzes found
Score Distribution
Percent of People with Each Score
Percentile by Number Answered
Your Score History
You have not taken this quiz